|
|
|
|
| LEADER |
00000nas a22000007a 4500 |
| 005 |
20130319145840.0 |
| 007 |
cr|||| |||| |
| 008 |
130319c20019999tu |||| s|||| 0|||b1tur d |
| 022 |
|
|
|a 1303099X
|
| 035 |
|
|
|a 7187
|
| 040 |
|
|
|a vLex
|
| 090 |
|
|
|c 3955
|d 3955
|
| 245 |
0 |
0 |
|a Ege Akademik Bakis
|b Journal of Economics, Administrative, International Relations and Political Sciences
|h [Recurso electrn̤ico]
|
| 256 |
|
|
|a Servicio en ln̕ea
|
| 260 |
|
|
|a Bornova, Izmir :
|b Ege University Faculty of Economics and Administrative Sciences,
|c 2001-
|
| 300 |
|
|
|a 1 Recurso electrn̤ico
|
| 506 |
|
|
|d vLex Global
|d vLex Global (Academic Edition, excluding Law Schools)
|d vLex Global (U.S. Academic Edition, Law Schools)
|d vLex Global (U.S. Academic Edition, excluding Law Schools)
|d vLex Global (Academic Edition, Law Schools)
|
| 650 |
0 |
4 |
|a Economa̕
|v Revistas
|z Turqua̕
|
| 650 |
0 |
4 |
|a Ciencias polt̕icas
|v Revistas
|z Turqua̕
|
| 650 |
0 |
4 |
|a Relaciones internacionales
|v Revistas
|z Turqua̕
|
| 740 |
|
|
|a vLex Revistas (Servicio en ln̕ea)
|
| 856 |
|
|
|a Acceso restringido
|u http://www.vlex.com/source/7187
|
| 942 |
|
|
|c REV
|
| 999 |
|
0 |
|a Economics
|